000 00536nam a2200169Ia 4500
008 190805s9999||||xx |||||||||||||| ||und||
020 _a9780851746241
_c£ 35.00
082 0 4 _a621
_bC6253
100 1 _aClough-Smith, J. H.
245 1 0 _aApplied physics: notes and examples in SI units for students of nautical science /
_cJ. H. Clough-Smith
250 _a5th ed.
260 _aGlasgow :
_bBrown, Son & Ferguson Ltd,
_c1994
300 _axv, 596 p.
_b : ill.
_c; 22 cm.
650 0 _aPhysics
942 _cBK
999 _c234
_d234